La expresión americana
Guardat en:
| Autor principal: | |
|---|---|
| Format: | Desconegut |
| Idioma: | anglès |
| Publicat: |
Fondo de Cultura Económica
2010
|
| Etiquetes: |
Afegir etiqueta
Sense etiquetes, Sigues el primer a etiquetar aquest registre!
|
MARC
| LEADER | 00000 a2200000 4500 | ||
|---|---|---|---|
| 003 | CL-VaPUC | ||
| 005 | 20210416103945.0 | ||
| 008 | 210308b ||||| |||| 00| 0 eng d | ||
| 999 | |c 167663 |d 167661 | ||
| 020 | |a ISBN 9681640071 ISBN13 9789681 | ||
| 040 | |c Pontificia Universidad Católica de Valparaíso | ||
| 100 | |a Lezama Lima, José |e author |9 376982 | ||
| 245 | |a La expresión americana | ||
| 260 | |b Fondo de Cultura Económica |c 2010 | ||
| 583 | |k Sandra Vasquez |c 20210308 | ||
| 852 | |a BIBCUR | ||
| 942 | |2 ddc |c BK |n 1 | ||